Immunology : (Record no. 30725)
[ view plain ]
| 000 -LEADER | |
|---|---|
| fixed length control field | 00773nam a2200253Ia 4500 |
| 001 - CONTROL NUMBER | |
| control field | u4570 |
| 003 - CONTROL NUMBER IDENTIFIER | |
| control field | SIRSI |
| 005 - DATE AND TIME OF LATEST TRANSACTION | |
| control field | 20180220094143.0 |
| 008 - FIXED-LENGTH DATA ELEMENTS--GENERAL INFORMATION | |
| fixed length control field | 900913s1991 nyua c 001 0 eng c |
| 020 ## - INTERNATIONAL STANDARD BOOK NUMBER | |
| International Standard Book Number | 0471567515 (acidfree paper) |
| 039 #9 - LEVEL OF BIBLIOGRAPHIC CONTROL AND CODING DETAIL [OBSOLETE] | |
| Level of rules in bibliographic description | 200212031237 |
| Level of effort used to assign nonsubject heading access points | safaa |
| -- | 200203190936 |
| -- | load |
| 040 ## - CATALOGING SOURCE | |
| Original cataloging agency | EAL |
| 050 ## - LIBRARY OF CONGRESS CALL NUMBER | |
| Classification number | QR181 |
| Item number | B45 1991 |
| 100 10 - MAIN ENTRY--PERSONAL NAME | |
| Personal name | Benjamini, Eli. |
| 245 10 - TITLE STATEMENT | |
| Title | Immunology : |
| Remainder of title | a short course / |
| Statement of responsibility, etc. | Eli Benjamini, Sidney Leskowitz. |
| 250 ## - EDITION STATEMENT | |
| Edition statement | 2nd ed. |
| 260 0# - PUBLICATION, DISTRIBUTION, ETC. | |
| Place of publication, distribution, etc. | New York : |
| Name of publisher, distributor, etc. | Wiley-Liss, |
| Date of publication, distribution, etc. | c1991. |
| 300 ## - PHYSICAL DESCRIPTION | |
| Extent | xxvi, 459 p. : |
| Other physical details | ill. (some col.) ; |
| Dimensions | 24 cm. |
| 504 ## - BIBLIOGRAPHY, ETC. NOTE | |
| Bibliography, etc. note | Includes bibliographical references and index. |
| 596 ## - | |
| -- | 1 |
| 650 #0 - SUBJECT ADDED ENTRY--TOPICAL TERM | |
| Topical term or geographic name entry element | Immunology. |
| 700 10 - ADDED ENTRY--PERSONAL NAME | |
| Personal name | Leskowitz, Sidney. |
| 942 ## - ADDED ENTRY ELEMENTS (KOHA) | |
| Koha item type | Books |
| Source of classification or shelving scheme | Library of Congress Classification |
| Withdrawn status | Lost status | Source of classification or shelving scheme | Damaged status | Not for loan | Home library | Current library | Date acquired | Total Checkouts | Full call number | Barcode | Date last seen | Copy number | Price effective from | Koha item type |
|---|---|---|---|---|---|---|---|---|---|---|---|---|---|---|
| Withdrawn | Library of Congress Classification | Main | Main | 02/20/2018 | QR181 B45 1991 | 0006654 | 12/19/2024 | 1 | 02/20/2018 | Books |